000 01667nam a2200337 i 4500
003 DO-SdBNP
005 20240321112818.0
007 ta
008 091117s1987 dr ad b 000 0 spa d
040 _aDO-SdBNP
_bspa
_cBNPHU
_erda
082 4 _bL937m
_222
100 1 _aLuciano López, Margarita,
_d1950-
_eautor
_984993
245 1 0 _aMatemática para la vida :
_btercer grado nivel primario /
_cMargarita Luciano de Sang, Milagros Peña de Pérez, Anania de León de Encarnación ; ilustración, José Angel Liz, Julio César Martínez ; colaboración, Orlando Ramos, Julia Gil.
264 1 _aSanto Domingo :
_bSecretaría de Estado de Educación, Bellas Artes y Cultos.
_c1987.
300 _a212 páginas
_bilustraciones
_c27 cm.
336 _2rdacontent
_atexto
_btxt
337 _2rdamedia
_asin mediación
_bn
338 _2rdacarrier
_avolumen
_bnc
500 _aRevisado y aprobado por la Dirección General de Currículum y Evaluación Educativa, como texto básico de matemática para el tercer grado del nivel primario
500 _aLibro de texto.
505 0 _aDedicatoria--
_gUnidad 1 --
_tConjuntos --
_gUnidad 2 --
_tNumeración --
_gUnidad 3 --
_tOperaciones --
_gUnidad 4 --
_tFracciones --
_gUnidad 5 --
_tGeometría y medidas --
590 _aInventariado, 2023/ YL
700 1 _aLiz, José Angel,
_eilustración
_929588
700 1 _aMartínez, Julio César,
_eilustración
_91263
700 1 _aPeña de Pérez, Milagros,
_929589
_eautora.
700 1 _aLeón de Encarnación, Anania,
_929590
_eautora.
700 1 _aRamos, Orlando,
_ecolaboración
_929591
700 1 _aGil, Julia,
_ecolaboración
_929592
910 _aYLockward
942 _2ddc
_cLBS1
999 _c54842
_d54842